Banach spaces of analytic functions and absolutely summing operators /
Guardado en:
| Autor Principal: | |
|---|---|
| Autor Corporativo: | |
| Formato: | Libro |
| Idioma: | English |
| Publicado: |
Providence, R.I. :
Published for the Conference Board of the Mathematical Sciences by the American Mathematical Society,
c1977.
|
| Series: | Regional conference series in mathematics ;
no. 30 |
| Materias: | |
| Etiquetas: |
Agregar Etiqueta
Sin Etiquetas, Sea el primero en etiquetar este registro!
|
| LEADER | 01203cam a2200289 a 4500 | ||
|---|---|---|---|
| 001 | MAT.inmabb005006 | ||
| 008 | 770609s1977####riu######b####000#0#eng## | ||
| 005 | 20111117153243.0 | ||
| 245 | 1 | 0 | |a Banach spaces of analytic functions and absolutely summing operators / |c by Aleksander Pelczynski. |
| 260 | |a Providence, R.I. : |b Published for the Conference Board of the Mathematical Sciences by the American Mathematical Society, |c c1977. | ||
| 300 | |a 91 p. ; |c 26 cm. | ||
| 440 | 0 | |a Regional conference series in mathematics ; |v no. 30 | |
| 500 | |a "Expository lectures from the CBMS regional conference held at Kent State University, July 11-16, 1976." | ||
| 504 | |a Incluye referencias bibliográficas (p. 85-91). | ||
| 510 | 4 | |a MR, |c 58 #23526 | |
| 020 | |a 0821816802 | ||
| 100 | 1 | |a Pelczynski, Aleksander. | |
| 710 | 2 | |a Conference Board of the Mathematical Sciences. | |
| 650 | 0 | |a Banach spaces. | |
| 650 | 0 | |a Banach algebras. | |
| 650 | 0 | |a Absolutely summing operators. | |
| 650 | 0 | |a Holomorphic functions. | |
| 084 | |a 46E15 (46J15 47B10) |2 msc2000 | ||
| 010 | |a 77009884 | ||
| 040 | |a DLC |c DLC |d DLC | ||
| 859 | |h 46 |i P381 |p A-5351 |b BIB. MATEMATICA | ||
| 859 | |h 46 |i P381 |p A-5352 |t Ej. 2 |b BIB. MATEMATICA | ||
